Every Country to win a Winter Olympic Medal: Skiing - Statistics

General Stats
  • This quiz has been taken 69 times
  • The average score is 104 of 130
Answer Stats
Sport # of Medals Country % Correct
Alpine Skiing 12 Canada
100%
Cross-Country Skiing 3 Canada
100%
Freestyle Skiing 30 Canada
100%
Ski Jumping 1 Canada
100%
Snowboarding 17 Canada
100%
Alpine Skiing 40 Norway
100%
Cross-Country Skiing 129 Norway
100%
Freestyle Skiing 10 Norway
100%
Nordic Combined Skiing 35 Norway
100%
Ski Jumping 36 Norway
100%
Snowboarding 5 Norway
100%
Alpine Skiing 19 Sweden
100%
Cross-Country Skiing 84 Sweden
100%
Freestyle Skiing 6 Sweden
100%
Nordic Combined Skiing 2 Sweden
100%
Ski Jumping 2 Sweden
100%
Snowboarding 1 Sweden
100%
Alpine Skiing 48 USA
100%
Cross-Country Skiing 4 USA
100%
Freestyle Skiing 33 USA
100%
Nordic Combined Skiing 4 USA
100%
Ski Jumping 1 USA
100%
Snowboarding 35 USA
100%
Alpine Skiing 1 Japan
98%
Freestyle Skiing 5 Japan
98%
Nordic Combined Skiing 7 Japan
98%
Ski Jumping 14 Japan
98%
Snowboarding 7 Japan
98%
Alpine Skiing 1 Finland
96%
Cross-Country Skiing 86 Finland
96%
Freestyle Skiing 4 Finland
96%
Nordic Combined Skiing 14 Finland
96%
Ski Jumping 22 Finland
96%
Snowboarding 4 Finland
96%
Alpine Skiing 27 Germany
96%
Cross-Country Skiing 17 Germany
96%
Freestyle Skiing 2 Germany
96%
Nordic Combined Skiing 16 Germany
96%
Ski Jumping 16 Germany
96%
Snowboarding 7 Germany
96%
Alpine Skiing 36 Italy
96%
Cross-Country Skiing 36 Italy
96%
Nordic Combined Skiing 1 Italy
96%
Snowboarding 5 Italy
96%
Alpine Skiing 1 Russia
96%
Cross-Country Skiing 33 Russia
96%
Freestyle Skiing 4 Russia
96%
Nordic Combined Skiing 1 Russia
96%
Snowboarding 5 Russia
96%
Alpine Skiing 75 Switzerland
96%
Cross-Country Skiing 8 Switzerland
96%
Freestyle Skiing 13 Switzerland
96%
Nordic Combined Skiing 4 Switzerland
96%
Ski Jumping 5 Switzerland
96%
Snowboarding 14 Switzerland
96%
Alpine Skiing 51 France
95%
Cross-Country Skiing 5 France
95%
Freestyle Skiing 15 France
95%
Nordic Combined Skiing 4 France
95%
Ski Jumping 1 France
95%
Snowboarding 13 France
95%
Alpine Skiing 128 Austria
93%
Cross-Country Skiing 6 Austria
93%
Freestyle Skiing 1 Austria
93%
Nordic Combined Skiing 16 Austria
93%
Ski Jumping 27 Austria
93%
Snowboarding 11 Austria
93%
Freestyle Skiing 17 China
93%
Snowboarding 3 China
93%
Freestyle Skiing 1 Great Britain
93%
Snowboarding 2 Great Britain
93%
Cross-Country Skiing 5 Poland
93%
Nordic Combined Skiing 1 Poland
93%
Ski Jumping 10 Poland
93%
Alpine Skiing 2 Spain
91%
Snowboarding 2 Spain
91%
Alpine Skiing 1 Australia
89%
Freestyle Skiing 9 Australia
89%
Snowboarding 6 Australia
89%
Alpine Skiing 8 Slovenia
89%
Cross-Country Skiing 2 Slovenia
89%
Ski Jumping 7 Slovenia
89%
Snowboarding 5 Slovenia
89%
Alpine Skiing 1 Slovakia
88%
Snowboarding 1 Slovakia
88%
Alpine Skiing 2 Czech Republic
86%
Cross-Country Skiing 9 Czech Republic
86%
Freestyle Skiing 1 Czech Republic
86%
Snowboarding 4 Czech Republic
86%
Snowboarding 1 South Korea
84%
Alpine Skiing 1 New Zealand
82%
Freestyle Skiing 2 New Zealand
82%
Snowboarding 3 New Zealand
82%
Cross-Country Skiing 7 Estonia
81%
Freestyle Skiing 1 Estonia
81%
Freestyle Skiing 2 Ukraine
79%
Snowboarding 1 Netherlands
77%
Alpine Skiing 1 Soviet Union
74%
Cross-Country Skiing 68 Soviet Union
74%
Nordic Combined Skiing 3 Soviet Union
74%
Ski Jumping 1 Soviet Union
74%
Cross-Country Skiing 1 Bulgaria
72%
Alpine Skiing 10 Croatia
72%
Freestyle Skiing 8 Belarus
70%
Alpine Skiing 2 Luxembourg
63%
Cross-Country Skiing 4 Kazakhstan
60%
Freestyle Skiing 1 Kazakhstan
60%
Alpine Skiing 2 Yugoslavia
58%
Ski Jumping 2 Yugoslavia
58%
Cross-Country Skiing 4 East Germany
56%
Nordic Combined Skiing 7 East Germany
56%
Ski Jumping 7 East Germany
56%
Alpine Skiing 1 Czechoslovakia
47%
Cross-Country Skiing 5 Czechoslovakia
47%
Ski Jumping 7 Czechoslovakia
47%
Alpine Skiing 9 West Germany
42%
Nordic Combined Skiing 3 West Germany
42%
Freestyle Skiing 1 Uzbekistan
35%
Cross-Country Skiing 9 Unified Team
5%
Freestyle Skiing 1 Unified Team
5%
Cross-Country Skiing 11 Russian Olympic Committee
2%
Freestyle Skiing 3 Russian Olympic Committee
2%
Ski Jumping 1 Russian Olympic Committee
2%
Snowboarding 1 Russian Olympic Committee
2%
Alpine Skiing 10 Leichtenstien
0%
Cross-Country Skiing 8 Olympic Athletes from Russia
0%
Freestyle Skiing 2 Olympic Athletes from Russia
0%
Alpine Skiing 5 United Team of Germany
0%
Nordic Combined Skiing 2 United Team of Germany
0%
Ski Jumping 2 United Team of Germany
0%
No matching quizzes found
Score Distribution
Percent of People with Each Score
Percentile by Number Answered
Your Score History
You have not taken this quiz